[Event "URU-ch sf"]
[Site "Montevideo"]
[Date "2013.02.11"]
[Round "6"]
[White "Ulaneo, Nicolas"]
[Black "Coppola, Claudio"]
[Result "1-0"]
[WhiteElo "2132"]
[BlackElo "2168"]
[PlyCount "61"]
[EventDate "2013.02.08"]
[EventType "swiss"]
[EventRounds "9"]
[EventCountry "URU"]
[SourceTitle "EXT 2014"]
[Source "ChessBase"]
[SourceDate "2013.11.20"]
[SourceVersion "1"]
[SourceVersionDate "2013.11.20"]
[SourceQuality "1"]

1. Nf3 Nf6 2. c4 c5 3. g3 b6 4. Bg2 Bb7 5. 0-0 g6 6. Nc3 Bg7 7. d4 Ne4 8. Nxe4 Bxe4 9. d5 d6 10. Bh3 0-0 11. Ng5 Bf5 12. Bxf5 gxf5 13. Re1 h6 14. Nf3 e5 15. Qc2 Qd7 16. Nh4 e4 17. Qd2 f4 18. Qxf4 f5 19. Ng2 Na6 20. Qd2 Qa4 21. Nf4 Qxc4 22. Ne6 Rf7 23. Nxg7 Rxg7 24. Qxh6 Qxd5 25. Bf4 Qd4 26. Rad1 Qxb2 27. Rxd6 Re8 28. Qh5 Rf7 29. Rg6+ Kf8 30. Bd6+ Ree7 31. Rd1 1-0

[Event "URU-ch sf"]
[Site "Montevideo"]
[Date "2013.02.10"]
[Round "5"]
[White "Izquierdo, Daniel"]
[Black "Ulaneo, Nicolas"]
[Result "0-1"]
[WhiteElo "2253"]
[BlackElo "2132"]
[PlyCount "158"]
[EventDate "2013.02.08"]
[EventType "swiss"]
[EventRounds "9"]
[EventCountry "URU"]
[SourceTitle "EXT 2014"]
[Source "ChessBase"]
[SourceDate "2013.11.20"]
[SourceVersion "1"]
[SourceVersionDate "2013.11.20"]
[SourceQuality "1"]

1. Nf3 Nf6 2. g3 b6 3. Bg2 Bb7 4. 0-0 e6 5. d4 Be7 6. c4 0-0 7. Nc3 Ne4 8. Nxe4 Bxe4 9. Be3 f5 10. Qd2 h6 11. Rfd1 d6 12. b4 Nd7 13. Rac1 Nf6 14. Ne1 Bxg2 15. Nxg2 Ne4 16. Qd3 g5 17. f3 Nf6 18. d5 Qd7 19. dxe6 Qxe6 20. Bf2 a5 21. b5 Rae8 22. Ne3 Nd7 23. Qd5 Qxd5 24. Rxd5 f4 25. gxf4 Rxf4 26. Bg3 Rf7 27. Rc2 Ref8 28. Rd1 Bd8 29. Nd5 Nf6 30. Kg2 Re8 31. Rh1 Kg7 32. Bf2 Nxd5 33. cxd5 Bf6 34. Rhc1 Ree7 35. h3 Be5 36. Rc4 Bf4 37. R1c2 Kg6 38. h4 Kf5 39. hxg5 hxg5 40. Bg3 Ke5 41. e4 Rh7 42. Bf2 Kf6 43. Bg3 Ke5 44. Rc6 Reg7 45. R6c4 g4 46. Bxf4+ Kxf4 47. e5+ Kxe5 48. fxg4 Kxd5 49. Kg3 Rh1 50. Rxc7 Rg1+ 51. Kf3 R7xg4 52. R2c6 R1g3+ 53. Kf2 Ra3 54. Rxb6 Rxa2+ 55. Kf3 Rb4 56. Rc3 Kd4 57. Rc1 d5 58. Rb8 Ra3+ 59. Kf4 Rc3 60. Ra1 Kc5+ 61. Ke5 Re3+ 62. Kf5 a4 63. b6 Rxb6 64. Rc1+ Kb5 65. Rd8 Kb4 66. Rxd5 Rb5 67. Kf4 Rxd5 68. Kxe3 a3 69. Rb1+ Kc3 70. Rb8 a2 71. Rc8+ Kb2 72. Rb8+ Ka3 73. Ra8+ Kb3 74. Ke2 Rd4 75. Ke3 Ra4 76. Rb8+ Kc2 77. Rc8+ Kd1 78. Rd8+ Ke1 79. Rg8 Ra3+ 0-1

[Event "URU-ch sf"]
[Site "Montevideo"]
[Date "2013.02.10"]
[Round "4"]
[White "Ulaneo, Nicolas"]
[Black "Cao, Jorge"]
[Result "1/2-1/2"]
[WhiteElo "2132"]
[BlackElo "2075"]
[PlyCount "70"]
[EventDate "2013.02.08"]
[EventType "swiss"]
[EventRounds "9"]
[EventCountry "URU"]
[SourceTitle "EXT 2014"]
[Source "ChessBase"]
[SourceDate "2013.11.20"]
[SourceVersion "1"]
[SourceVersionDate "2013.11.20"]
[SourceQuality "1"]

1. d4 Nf6 2. c4 c5 3. d5 d6 4. Nc3 g6 5. e4 Bg7 6. Bd3 0-0 7. f4 e6 8. Nge2 exd5 9. exd5 Re8 10. 0-0 Ng4 11. Rf3 Qh4 12. h3 Bd4+ 13. Nxd4 Re1+ 14. Qxe1 Qxe1+ 15. Rf1 Qe7 16. Nf3 Nh6 17. g4 f5 18. g5 Nf7 19. Bd2 Bd7 20. Rae1 Qf8 21. Ne2 Na6 22. Bc3 Nc7 23. h4 b5 24. b3 b4 25. Bb2 Re8 26. h5 Re3 27. Nc1 Rxe1 28. Rxe1 gxh5 29. Ne2 Ne8 30. Ng3 Ng7 31. Nh4 Nh8 32. Bf6 Ne8 33. Be7 Qg7 34. Nhxf5 Bxf5 35. Nxf5 Qc3 1/2-1/2

[Event "Olympiad-40"]
[Site "Istanbul"]
[Date "2012.08.28"]
[Round "1.4"]
[White "Cossa, Pedro Ventura"]
[Black "Ulaneo, Nicolas"]
[Result "1/2-1/2"]
[WhiteElo "1995"]
[BlackElo "2181"]
[PlyCount "63"]
[EventDate "2012.08.28"]
[EventType "team-swiss"]
[EventRounds "11"]
[EventCountry "TUR"]
[SourceTitle "CBM 151"]
[Source "ChessBase"]
[SourceDate "2012.11.13"]
[SourceVersion "1"]
[SourceVersionDate "2012.11.13"]
[SourceQuality "1"]
[WhiteTeam "Mozambique"]
[BlackTeam "Uruguay"]
[WhiteTeamCountry "MOZ"]
[BlackTeamCountry "URU"]

1. e4 e6 2. Nf3 d5 3. exd5 exd5 4. d4 c5 5. Bb5+ Bd7 6. Bxd7+ Nxd7 7. 0-0 Ngf6 8. Nc3 Be7 9. dxc5 Nxc5 10. Bg5 Nce4 11. Nxe4 dxe4 12. Qxd8+ Rxd8 13. Nd2 h6 14. Bxf6 Rxd2 15. Bxg7 Rh7 16. Bc3 Rxc2 17. Rac1 Rxc1 18. Rxc1 Bg5 19. Rd1 f5 20. Kf1 Rd7 21. Rd4 Rxd4 22. Bxd4 a6 23. Ke2 Kd7 24. f3 Ke6 25. fxe4 fxe4 26. g4 Be7 27. Bg7 Bg5 28. b3 Kf7 29. Be5 Ke6 30. Bg7 Kf7 31. Be5 Ke6 32. Bg7 1/2-1/2

[Event "URU-chT"]
[Site "Paysandu"]
[Date "2012.08.05"]
[Round "5.1"]
[White "Ulaneo, Nicolas"]
[Black "Laenen, Matias"]
[Result "0-1"]
[WhiteElo "2181"]
[BlackElo "1805"]
[PlyCount "78"]
[EventDate "2012.08.03"]
[EventType "team-swiss"]
[EventRounds "5"]
[EventCountry "URU"]
[SourceTitle "CBM 149 Extra"]
[Source "ChessBase"]
[SourceDate "2012.08.24"]
[SourceVersion "1"]
[SourceVersionDate "2012.08.24"]
[SourceQuality "1"]

1. c4 e6 2. Nc3 Nf6 3. d4 d5 4. cxd5 exd5 5. Bg5 Be7 6. e3 Bf5 7. Bxf6 Bxf6 8. Qb3 c6 9. Qxb7 Qb6 10. Qxb6 axb6 11. Nf3 0-0 12. Be2 b5 13. 0-0 b4 14. Nb1 c5 15. Nbd2 c4 16. Rfc1 Re8 17. a3 bxa3 18. bxa3 Nc6 19. Bd1 Be7 20. a4 Nb4 21. Ne1 Bf6 22. Bc2 Nxc2 23. Nxc2 Reb8 24. Ra2 Rb7 25. Rca1 c3 26. Nf3 Rb2 27. Nfe1 Rab8 28. a5 Bxc2 29. a6 Rxa2 30. Rxa2 Bf5 31. Kf1 Kf8 32. Ke2 Ke7 33. Nd3 Bxd3+ 34. Kxd3 Ra8 35. Kxc3 Kd6 36. Kb4 Kc6 37. Ra5 Be7+ 38. Kc3 Bd6 39. g3 Bc7 0-1